Normal view MARC view
  • Staples W

Entry Personal Name

Number of records used in: 1

001 - CONTROL NUMBER

  • control field: 110235

003 - CONTROL NUMBER IDENTIFIER

  • control field: OSt

005 - DATE AND TIME OF LATEST TRANSACTION

  • control field: 20230125043716.0

008 - FIXED-LENGTH DATA ELEMENTS

  • fixed length control field: 230125|| aca||aabn | a|a d

040 ## - CATALOGING SOURCE

  • Original cataloging agency: OSt
  • Transcribing agency: OSt

100 ## - HEADING--PERSONAL NAME

  • Personal name: Staples W

670 ## - SOURCE DATA FOUND

  • Source citation: Work cat.: (OSt)86982: Staples W, In search of your true self, 1996